Strings and superstrings : XVIII International GIFT Seminar on Theoretical Physics, El Escorial, Spain, June 1-6, 1987 /

Guardado en:
Autor Corporativo: International Seminar on Theoretical Physics San Lorenzo del Escorial, Spain)
Otros Autores: Mittelbrunn, J. R. (Editor ), Ramón-Medrano, M. (Editor ), Rodero, G. S. (Editor )
Formato: Libro
Idioma:English
Publicado: Singapore ; Teaneck, N.J. : World Scientific, c1988.
Etiquetas: Agregar Etiqueta
Sin Etiquetas, Sea el primero en etiquetar este registro!
LEADER 01430nam a22002415a 4500
001 MAT.inmabb006744
008 120919s1988####si#a#####b####100#0#eng#d
005 20170608144819.0
245 1 0 |a Strings and superstrings :  |b XVIII International GIFT Seminar on Theoretical Physics, El Escorial, Spain, June 1-6, 1987 /  |c editors, J. R. Mittelbrunn, M. Ramón-Medrano, G. S. Rodero. 
260 |a Singapore ;  |a Teaneck, N.J. :  |b World Scientific,  |c c1988. 
300 |a vii, 292 p. :  |b il. ;  |c 23 cm. 
504 |a Incluye referencias bibliográficas. 
505 0 |a Stuart Samuel, Introduction to string field theory -- H. J. de Vega, Quantum strings in accelerated frames and curves space times -- L. E. Ibáñez, The search for a standard model SU(3)×SU(2)×U(1) superstring: an introduction to orbifold constructions -- L. Alvarez-Gaumé, C. Gomez [César Gómez] and C. Reina, New methods in string theory -- D. Olive, Loop algebras, QFT and strings. 
510 4 |a MR,  |c 90f:81009 
020 |a 9971505231 
020 |a 997150524X (pbk) 
111 2 |a International Seminar on Theoretical Physics  |n (18th :  |d 1987 :  |c San Lorenzo del Escorial, Spain) 
700 1 |a Mittelbrunn, J. R.  |q (Juan Ramírez)  |4 edt 
700 1 |a Ramón-Medrano, M.  |4 edt 
700 1 |a Rodero, G. S.  |q (Germán Sierra)  |4 edt 
246 3 |a XVIII International GIFT Seminar on Theoretical Physics 
084 |a 81T30 (81-06)  |2 msc2000 
859 |h 81  |i In61-18  |p A-6833  |b BIB. MATEMATICA